| 000 | 00524cam a2200193 4500 | ||
|---|---|---|---|
| 999 |
_c85560 _d85560 |
||
| 005 | 20190626141809.0 | ||
| 008 | 190611b ag ||||| |||| 00| 0 spa d | ||
| 020 | _a9501400700 | ||
| 050 | 0 | 4 |
_aHV6105 _bJ56 1982 |
| 100 | 1 |
_aJiménez de Asúa, Luis, _eautor |
|
| 245 | 1 | 0 |
_aPsicoanálisis criminal _c/ Luis Jiménez de Asúa. |
| 250 | _a6a.ed. | ||
| 260 |
_aBuenos Aires : _bDepalma , _c1982 |
||
| 300 |
_a361 p. ; _c23 cm. |
||
| 650 | 7 |
_2lemb _aPsicología criminal |
|
| 650 | 7 |
_2lemb _aPsicoanalisis |
|
| 942 |
_2lcc _cLIB |
||